Piłkarze Rakowa Częstochowa - nagła śmierć - Statystyki

Ogólne statystyki
  • Ten quiz został rozwiązany 77 razy
  • Średni wynik to 8 z 20
Answers on the Grid
Answers color-coded by a green-red scale on the quiz's grid according to % correct below.
Ariel Borysiuk
Piotr Wlazło
Piotr Ceglarz
Grzegorz Sandomierski
Szymon Czyż
Filip Starzyński
Tomáš Petrášek
Maksymilian Rogalski
Krzysztof Kamiński
Emir Azemovic
Bogdan Mirčetić
Jacek Krzynówek
Szymon Żurkowski
Michael Ameyaw
Dominik Furman
Deian Sorescu
Ibrahima Seck
Mateusz Szwoch
Bartłomiej Pawłowski
Przemysław Szymiński
Patryk Makuch
Jan Biegański
Damian Kądzior
Ben Lederman
Krzysztof Wołkowicz
Michał Płacheta
Karol Struski
Dominik Kun
Daniel Bartl
Krzysztof Drzazga
Mikołaj Biegański
Jerzy Brzęczek
Felicio Brown Forbes
Mateusz Możdżeń
Jakub Błaszczykowski
Łukasz Trałka
Wiktor Długosz
Michał Janota
Dariusz Formella
Ilya Shkurin
 
Statystyki odpowiedzi
Odpowiedź % Poprawnych
Michael Ameyaw
81%
Ben Lederman
68%
Patryk Makuch
68%
Tomáš Petrášek
66%
Deian Sorescu
58%
Szymon Czyż
58%
Karol Struski
49%
Ibrahima Seck
45%
Bogdan Mirčetić
43%
Wiktor Długosz
40%
Felicio Brown Forbes
34%
Emir Azemovic
28%
Jakub Błaszczykowski
28%
Jerzy Brzęczek
28%
Daniel Bartl
25%
Ilya Shkurin
21%
Dariusz Formella
19%
Jacek Krzynówek
15%
Piotr Ceglarz
13%
Maksymilian Rogalski
4%
Nie znaleziono quizów pasujących do podanych kryteriów
Rozkład punktacji
Procent ludzi z każdym wynikiem
Percentyl według liczby udzielonych odpowiedzi
Twoja historia wyników
Nie rozwiązałeś tego quizu